000 00287nam a22001337a 4500
008 170414b xxu||||| |||| 00| 0 eng d
020 _a9780615975047
041 _aeng
080 _a612.39
100 _a10
101 _aSHM
245 _aON FOOD SYSTEMS
_cSPEAKS, A
942 _2udc
_cBK
999 _c10855
_d10855